000 00704nam a2200241Ia 4500
999 _c41203
_d41203
001 7855
003 GE_BSU
005 20220927115443.0
008 181216s2006en xx |||||||||||||| ||eng||
020 _a9780471241599
040 _cGE_BSU
041 _aeng
080 _a621.391+31 C-67
100 _aCover,Thomas M.
_914843
245 _aElements of information Theory /
_cThomas M. Cover,
250 _aSecond Edition
264 _aNew Jersey:
_bHoboken,
_c2006.
300 _a748 p.:
_c25 cm.
653 _aElements of information Theory
653 _aინფორმაციის თეორიის ელემენტები
653 _aტექნიკა
942 _cBK
_2udc